| 000 | 00401nam a22001697a 4500 | ||
|---|---|---|---|
| 005 | 20160628144329.0 | ||
| 008 | 160628b xxu||||| |||| 00| 0 eng d | ||
| 020 | _a81-7273-236-8 | ||
| 041 | _aeng | ||
| 082 | _b10603 | ||
| 100 |
_aChakravarthy, Jagdish _93079 |
||
| 245 | _aNet, Media and the Communication | ||
| 260 | _bAuthors Press | ||
| 300 | _a177 | ||
| 650 |
_aManagement _9241 |
||
| 942 | _cBK | ||
| 999 |
_c4472 _d4471 |
||